| 000 | 00658nam a2200229Ia 4500 | ||
|---|---|---|---|
| 005 | 20260429111847.0 | ||
| 008 | 260429s9999||||xx |||||||||||||| ||und|| | ||
| 020 | _a9788198144003 | ||
| 041 | _aEnglish | ||
| 082 |
_a547 _bGIR |
||
| 100 | _aGiri, Nand Gopal | ||
| 245 | 0 |
_aOrganic name reaction, mechanism and conversion : _bfundamentals to advanced synthesis strategies / _cNand Gopal Giri |
|
| 250 | _a1st ed. | ||
| 260 |
_aNew Delhi : _bAne Books, _c2025. |
||
| 300 | _a377 p.; hb | ||
| 650 | _a Organic chemistry | ||
| 650 | _a Organic reactions | ||
| 650 | _aChemistry | ||
| 700 | _a Saluja, Pooja | ||
| 700 | _a Shukla, S.K. | ||
| 942 | _cTB | ||
| 999 |
_c51175 _d51175 |
||